A Dictionary of Asante amd Fante Language called Tshi (Record no. 123906)
[ view plain ]
| 000 -LEADER | |
|---|---|
| fixed length control field | 00564nam a22001697a 4500 |
| 008 - FIXED-LENGTH DATA ELEMENTS--GENERAL INFORMATION | |
| fixed length control field | 151218b xxu||||| |||| 00| 0 eng d |
| 020 ## - INTERNATIONAL STANDARD BOOK NUMBER | |
| International Standard Book Number | 9781447403531 |
| 050 ## - LIBRARY OF CONGRESS CALL NUMBER | |
| Classification number | REF PL8751.C5 |
| 100 ## - MAIN ENTRY--PERSONAL NAME | |
| Personal name | Christaller, Johann Gottreich |
| 9 (RLIN) | 21399 |
| 245 ## - TITLE STATEMENT | |
| Title | A Dictionary of Asante amd Fante Language called Tshi |
| 260 ## - PUBLICATION, DISTRIBUTION, ETC. (IMPRINT) | |
| Place of publication, distribution, etc | London |
| Name of publisher, distributor, etc | Read Books Ltd. |
| Date of publication, distribution, etc | 2013 |
| 300 ## - PHYSICAL DESCRIPTION | |
| Extent | xxviii, 671p. |
| Dimensions | 22cm. |
| 650 ## - SUBJECT ADDED ENTRY--TOPICAL TERM | |
| Topical term or geographic name as entry element | Tshi language |
| General subdivision | Dictionaries |
| 9 (RLIN) | 21400 |
| 650 ## - SUBJECT ADDED ENTRY--TOPICAL TERM | |
| Topical term or geographic name as entry element | Names, Geographical |
| General subdivision | Gold Coast |
| 9 (RLIN) | 21401 |
| 650 ## - SUBJECT ADDED ENTRY--TOPICAL TERM | |
| Topical term or geographic name as entry element | Names, Personal |
| General subdivision | Gold Coast |
| 9 (RLIN) | 21402 |
| 942 ## - ADDED ENTRY ELEMENTS (KOHA) | |
| Source of classification or shelving scheme | Library of Congress Classification |
| Item type | Monograph ( Printed materials) |
| Withdrawn status | Lost status | Source of classification or shelving scheme | Damaged status | Not for loan | Home library | Current library | Date acquired | Total Checkouts | Full call number | Barcode | Date last seen | Price effective from | Koha item type |
|---|---|---|---|---|---|---|---|---|---|---|---|---|---|
| Library of Congress Classification | ARRUPE LIBRARY | ARRUPE LIBRARY | 18/12/2015 | REF PL8751.C5 | 46500005962 | 18/12/2015 | 18/12/2015 | REFERENCE |